000 01123nam a2200313 a 4500
001 0000428
003 DO-SdBNP
005 20240715122326.0
007 0000428
008 091125s2005 sp a 000 0 spa d
020 _a8434225255
040 _aBPMSU
_bspa
_cBPMSU
082 4 _a745.5
_bM378n 2005
_222
100 1 _aMartí i Garbayo, Mónica.
245 1 0 _aNúmeros y formas :
_bactividades creativas para la educación infantil /
_ctextos y realización de ejercicios Mónica Martí i Garbayo e Isabel Sanz Muelas ; ilustraciones Jairo Ribero ; fotografías Estudio Nos [and] Soto, Corel.
250 _32a. ed.
260 _aColombia :
_bParramón Ediciones,
_c2005
300 _a48 p. :
_bil. ;
_c29 cm.
_e
490 0 _aManitas artísticas
590 _aInventariado, 2024/VM
650 4 _aTrabajos manuales (Educación)
650 4 _aActividades creativas y trabajo de clase
650 4 _aArtesanías.
700 1 _aSanz Muelas, Isabel.
_eautor
700 1 _aRibero, Jairo
_eilustraciones
710 2 _aParramón Ediciones
910 _a VMateo V. Control de calidad. BPMSU
942 _2ddc
_cBK
999 _c14734
_d14734